00601nam a2200181Ia 4500003000900000008004100009020001800050040001600068080001500084100002500099245014800124260003000272300001500302650002100317650004100338650001800379650002200397IN-BaIIA211028s9999 xx 000 0 eng d a0-914635-00-8 cIIA Library a524.3bSTA aStall, Jullius D. W. 0aStars of Jadebcalender lore Mythology, Legends and Star Stories of Ancient ChinacJullius D. W. Stall  aDecaturbWrit Pressc1984 aiii, 204p. aArchaeoastronomy aAstronomy and astrophysics thesaurus aStars of jade aStellar structure